00586nam a2200193Ia 450000500170000000800410001702000290005804000190008704100120010608200150011824500960013326000280022930000150025750400500027265000130032265100250033570000220036085000100038220211027122753.0140110s9999 xx 000 0 und d a9780761943730cGBP 23.99 aLoreto College aEnglish a320.3bBAR aComparative Politicsbexplaining democratic systemscEdited by Judith Bara, Mark Pennington aLos AngelesbSagec2009 aviii,334p  aIncludes bibliographical references and index aPolitics aComparative Politics aBara, Judith4ed. aLCLIB